000 00989nam a2200277 i 4500
001 bg
100 1 _aCYGANEK, Bogusław
245 1 0 _aKomputerowe przetwarzanie obrazów trójwymiarowych /
_cBogusław Cyganek.
260 _aWarszawa :
_b"Exit",
_c2002.
300 _a305 s. :
_bil. (w tym kolor) ;
_c24 cm.
490 1 _aProblemy Współczesnej Nauki : teoria i zastosowania. Informatyka
504 _aBibliogr. Indeks.
650 9 _aAlgorytmy
_xstosowanie
650 9 _aStereoskopia
650 9 _aPrzetwarzanie obrazów
655 _aPodręczniki akademickie
830 _aProblemy Współczesnej Nauki : teoria i zastosowania. Informatyka
020 _a8387674346
040 _cBPK
041 0 _apol
080 _a004.932:004.92:004.421](075.8)
920 _a83-87674-34-6
942 _cKS
008 s pl f |000 0 pol
999 _c44358
_d44358
856 _uhttp://koha.tu.koszalin.pl/cgi-bin/koha/opac-detail.pl?biblionumber=44358
_yKatalog online BPK